000 02769nam a22003374i 4500
001 991061519702806706
003 ES-BaIT
005 20251118095700.0
008 251112e202312 sp a 000 d spa c
017 _aDL M 29601-2023
_bOficina DL Madrid
020 _a9788490414774
040 _aES-BaIT
_bcat
_erda
_cES-BaIT
080 _a860-2"20"
100 1 _aCarrodeguas, Esther F.
_eautor
_9158627
245 1 0 _aIribarne :
_besto no es un biopic sobre Manuel Fraga /
_cun texto de Esther F. Carrodeguas para ButacaZero
246 3 0 _aEsto no es un biopic sobre Manuel Fraga
250 _aPrimera edición
264 1 _aMadrid :
_bCentro Dramático Nacional,
_cdiciembre 2023
300 _a255 pàgines ;
_c22 cm
336 _atext
_btxt
_2rdacontent
337 _asense mediació
_bn
_2rdamedia
338 _avolum
_bnc
_2rdacarrier
490 1 _aCentro Dramático Naciona ;
_v27
500 _aSense llista de personatges
520 _a"Iribarne es un tipo nacido en el mismísimo pueblo de Rouco Varela (sí: el cardenal) durante la Monarquía de Alfonso XIII (¿El primer promotor del cine porno en España? Sí-sí: ese). Emigrado a Cuba con tan solo un añito, coincidiendo con la inauguración de la dictadura de Primo de Rivera, tras hacer las Américas durante un par de años, nuestro protagonista vuelve triunfante para ser el hijo del alcalde (¡y el de la francesa!). Empieza el Bachiller con la entrada de la II República, casi-casi se hace cura durante la Guerra Civil pero decide pirarse a Madrid siguiendo el rastro de otro gallego ilustre nada más inaugurada la Era del Susodicho (sí, claro: El Caudillísimo). Con tanto ahínco intentó ser como él que más pronto que tarde llegó a ser su Ministro, a pesar de haber disparado dos días antes contra el culo de su hija (¿¡pero qué dices!? Sí-sí: ¡dato real!). Habiendo sido el primer y mejor opositor de España, quiso sustituir al Caudillo cuando este murió. No pudo ser: no iba por oposición. Tuvo que conformarse con el cargo de Virrey en su querida Terra Galega.IRIBARNE es un intento (irreverente) por comprender cómo hemos llegado hasta aquí caminando de la mano de uno de esos personajes secundarios pero increíblemente imprescindibles de la Hermosísima Historia de Esta España Mía (Esta España Nuestra). De esta España Viva, de Esta España Muerta. Pero cuidado: por más que lo pueda parecer, esto NO es un biopic sobre Manuel Fraga. Nos hubiese encantado hacerlo, ¡pero es que no cabía en una sola obra!" -- Pàgina web Centro Dramático Nacional
600 1 0 _aFraga Iribarne, Manuel,
_d1922-2012
_xTextos dramàtics
_9167877
830 0 0 _aNuevos dramas (Centro Dramático Nacional)
_v27
_9166495
908 _aCDMAE
940 _aCVA38
942 _2udc
_c1
999 _c136823
_d136823